00996nam a2200289 a 450000100060000000300090000600500170001500600090003200800410004101500120008201700510009402000180014503500210016304000280018408000150021208200180022710000370024524501650028226000270044730000290047449000210050349000210052450500650054565000320061070000440064271000200068626704CO-ViMGA20230915223425.0a3322260141112s2004 ck r 000 u spa d aMON0802 aM 27070 - 2007 Oficina Depósito Legal Madrid a9788441323957 a(OCoLC)433434450 aCO-ViMGAbspacCO-ViMGA a087.5 : 8204aI808.831 G73b1 aMolero i Lloret, Natalia 1959 - 10aBlancanieves : badaptación del cuento recopilado por los Hermanos Grimm ; [adaptación del cuento original, Natalia Molero ; ilustraciones, Cardona Estudio] aBarcelona Folio [2007] a10, 16 p. il. col. 20 cm0 aTeatro - cuentos0 aTeatro - cuentos aBlancanieves, el guión ; Blancanieves, el cuento ilustrado14aCuentos clasicos infantiles1 aGrimm, Jacob 1785 - 1863 Schneewittchen aCardona Estudio